00480 2200193 4500001002100000005001500021035002000036008004100056245004800097100001800145250000600163260004600169300001100215084001400226082000800240650001400248990001200262990001200274INLIS00000000000036720240503072437 a0010-0424000343240503 0 ind 1 aPengolahan Hasil Perikanan /cIr. Endang S. aIr. Endang S. a1 aYogyakarta :bPT. Citra Aji Parama,c2008 a60 hlm a600 END p a600 4aNon Fiksi a0728570 a0728571